000 00958nac a22002777a 4500
001 BR7406638
003 BR-BrBNA
005 20240105113823.0
008 230509b bl.|||m| |||| 00| 0 por d
040 _aBR-BrBNA
_bpor
_cBiblioteca Nacional de Agricultura
072 _aL30
090 _a1910 BR7406638
100 1 _aGavillon, O.
110 1 _aInstituto de Pesquisas Zootecnicas, Porto Alegre, RS (Brasil)
_96231
245 1 _aSuplementacao fosforica a campo
260 3 _aPorto Alegre, RS (Brasil):
_c1974.
300 _a28 p.
490 _aBoletim Informativo - Instituto de Pesquisas Zootecnicas Francisco Osorio (Brazil)
_vno. 2
_x
500 _a6 tables. (*) Documento disponível na(o) Secretaria da Agricultura, Porto Alegre, RS (Brazil)
650 _aSUPLEMENTO MINERAL
650 _aFOSFORO
650 _aPASTAGEM NATURAL
650 _aRIO GRANDE DO SUL
909 _a202312
_bLúcia Elande
_c55
_dLúcia Elande
942 _2AGRIS
_n0
_cMS
999 _c265762
_d265762